| 000 | 00619nam a2200229Ia 4500 | ||
|---|---|---|---|
| 008 | 160404s9999 xx 000 0 und d | ||
| 020 | _a971-554-067-8 | ||
| 050 | _aFIL HD 31 | ||
| 050 | _b.I36 2004 | ||
| 100 | _aIgnacio, Monico H. | ||
| 245 | 3 | _aAn Introduction to business & management / | |
| 245 | _cMonico H. Ignacio. | ||
| 250 | _a3rd Edition | ||
| 260 | _aManila : | ||
| 260 | _bSinag-Tala Pub. Inc., | ||
| 260 | _c2004 | ||
| 300 | _a366 pages : | ||
| 300 | _billustrations ; | ||
| 300 | _c24 cm. | ||
| 500 | _aIncludes bibliographical references and index. | ||
| 650 | _aBusiness -- Management. | ||
| 999 |
_c293247 _d293247 |
||